Middlesex County, MA - Map Quiz - Statistics

General Stats
  • This quiz has been taken 185 times
  • The average score is 22 of 54
Answers on the Map
Answers color-coded by a green-red scale on the quiz's map according to % correct below.
 
Answer Stats
Answer % Correct
Dracut
65%
Tyngsborough
65%
Ashby
60%
Townsend
58%
Ayer
56%
Dunstable
54%
Pepperell
54%
Tewksbury
52%
Acton
50%
Cambridge
50%
Carlisle
50%
Chelmsford
50%
Lowell
50%
Groton
48%
North Reading
48%
Billerica
46%
Newton
46%
Shirley
46%
Watertown
46%
Belmont
44%
Concord
44%
Lexington
44%
Somerville
44%
Hopkinton
42%
Reading
42%
Westford
42%
Bedford
40%
Boxborough
40%
Framingham
40%
Waltham
38%
Wilmington
38%
Woburn
38%
Arlington
35%
Hudson
35%
Maynard
35%
Sudbury
35%
Winchester
35%
Ashland
33%
Burlington
33%
Holliston
33%
Marlborough
33%
Natick
33%
Stow
33%
Wayland
33%
Weston
33%
Lincoln
31%
Malden
31%
Sherborn
31%
Wakefield
31%
Everett
29%
Littleton
29%
Medford
29%
Stoneham
29%
Melrose
25%
No matching quizzes found
Score Distribution
Percent of People with Each Score
Percentile by Number Answered
Your Score History
You have not taken this quiz